| 000 | 05618cam a22019454i 4500 | ||
|---|---|---|---|
| 001 | u53658 | ||
| 003 | PE-LiUPU | ||
| 005 | 20250813165956.0 | ||
| 008 | 131206s2012 sp a rb 000 0 spa d | ||
| 020 | _a9788436264289 | ||
| 035 | _a(Sirsi) i9788436264289 | ||
| 040 |
_aPE-LiUPU _bspa _cPE-LiUPU _erda |
||
| 049 | _aPRUA | ||
| 082 | 0 | 4 |
_a628.53 _bC7 |
| 100 | 1 |
_aGallego Picó, Alejandrina, _eautor. |
|
| 245 | 1 | 0 |
_aContaminación atmosférica / _cAlejandrina Gallego Picó [y otros ocho]. |
| 250 | _aPrimera edición. | ||
| 264 | 1 |
_aMadrid : _bUniversidad Nacional de Educación a distancia, _c2012. |
|
| 300 |
_a441 páginas : _bilustraciones ; _c24 centímetros |
||
| 336 |
_atext _2rdacontent |
||
| 337 |
_aunmediated _2rdamedia |
||
| 338 |
_avolume _2rdacarrier |
||
| 490 | 0 | _aGrado | |
| 505 | 0 | _aLa Atmósfera -- La contaminación atmosférica -- Dispersión de los contaminantes en la atmósfera -- Toma de muestras de los contaminantes atmosféricos -- Análisis de contaminantes atmosféricos -- Efectos locales y regionales de la contaminación. | |
| 526 | _aP203 | ||
| 526 | _aP200 | ||
| 526 | _aSEG65 | ||
| 526 | _aSEG64 | ||
| 526 | _aSEG63 | ||
| 526 | _aSEG62 | ||
| 526 | _aSEG61 | ||
| 526 | _aSEG60 | ||
| 526 | _aSEG59 | ||
| 526 | _aSEG58 | ||
| 526 | _aSEG57 | ||
| 526 | _aSEG56 | ||
| 526 | _aSEG55 | ||
| 526 | _aSEG54 | ||
| 526 | _aSEG53 | ||
| 526 | _aSEG52 | ||
| 526 | _aSEG51 | ||
| 526 | _aSEG50 | ||
| 526 | _aSEG49 | ||
| 526 | _aSEG48 | ||
| 526 | _aSEG47 | ||
| 526 | _aSEG46 | ||
| 526 | _aSEG24 | ||
| 526 | _aSEG23 | ||
| 526 | _aSEG22 | ||
| 526 | _aSEG21 | ||
| 526 | _aSEG20 | ||
| 526 | _aSEG19 | ||
| 526 | _aSEG18 | ||
| 526 | _aSEG17 | ||
| 526 | _aSEG16 | ||
| 526 | _aSEG14 | ||
| 526 | _aSEG13 | ||
| 526 | _aSEG12 | ||
| 526 | _aSEG11 | ||
| 526 | _aSEG10 | ||
| 526 | _aSEG09 | ||
| 526 | _aSEG06 | ||
| 526 | _aSEG05 | ||
| 526 | _aSEG04 | ||
| 526 | _aSEG03 | ||
| 526 | _aSEG02 | ||
| 526 | _aSEG68 | ||
| 526 | _aSEG66 | ||
| 526 | _aSEG45 | ||
| 526 | _aSEG25 | ||
| 526 | _aSEG01 | ||
| 526 | _aP163 | ||
| 526 | _aP162 | ||
| 526 | _aP161 | ||
| 526 | _aP160 | ||
| 526 | _aP159 | ||
| 526 | _aP158 | ||
| 526 | _aP157 | ||
| 526 | _aP156 | ||
| 526 | _aP155 | ||
| 526 | _aP154 | ||
| 526 | _aP153 | ||
| 526 | _aP152 | ||
| 526 | _aP151 | ||
| 526 | _aP150 | ||
| 526 | _aP149 | ||
| 526 | _aP142 | ||
| 526 | _aP141 | ||
| 526 | _aP140 | ||
| 526 | _aP139 | ||
| 526 | _aP138 | ||
| 526 | _aP137 | ||
| 526 | _aP132 | ||
| 526 | _aP131 | ||
| 526 | _aP130 | ||
| 526 | _aP126 | ||
| 526 | _aP125 | ||
| 526 | _aP124 | ||
| 526 | _aP123 | ||
| 526 | _aP115 | ||
| 526 | _aP122 | ||
| 526 | _aP121 | ||
| 526 | _aP116 | ||
| 526 | _a P114 | ||
| 526 | _aP112 | ||
| 526 | _aP111 | ||
| 526 | _aP104 | ||
| 526 | _aP103 | ||
| 526 | _aP102 | ||
| 526 | _aP101 | ||
| 526 | _aP100 | ||
| 526 | _aP96 | ||
| 526 | _aP95 | ||
| 526 | _aP93 | ||
| 526 | _aP92 | ||
| 526 | _aP91 | ||
| 526 | _aP88 | ||
| 526 | _aP83 | ||
| 526 | _aP82 | ||
| 526 | _aP79 | ||
| 526 | _aP78 | ||
| 526 | _aP75 | ||
| 526 | _aP74 | ||
| 526 | _aP71 | ||
| 526 | _aP69 | ||
| 526 | _a P51 | ||
| 526 | _aP49 | ||
| 526 | _aP48 | ||
| 526 | _aP47 | ||
| 526 | _aP33 | ||
| 526 | _aP31 | ||
| 526 | _a P30 | ||
| 526 | _aP29 | ||
| 526 | _aP27 | ||
| 526 | _aP26 | ||
| 526 | _aP25 | ||
| 526 | _aP24 | ||
| 526 | _a P22 | ||
| 526 | _aP10 | ||
| 526 | _aP09 | ||
| 526 | _a P08 | ||
| 526 | _aP06 | ||
| 526 | _aP05 | ||
| 526 | _aP04 | ||
| 526 | _aP01 | ||
| 541 | _g0001-0042329; | ||
| 541 | _g001-0039187; | ||
| 541 | _g015-0016192; | ||
| 596 | _a1 2 | ||
| 650 | 1 | 4 |
_aContaminación ambiental. _93753 |
| 650 | 1 | 4 | _aContaminación del aire. |
| 910 |
_adbm _bmarg _cmarg _d20180115 |
||
| 910 |
_agl _b _clch _d20131206 |
||
| 910 |
_ardg _bjck _crdg _d20150618 |
||
| 942 |
_2ddc _cBOOK |
||
| 994 |
_aC0 _bPEPRU |
||
| 949 |
_a628.53 C7 _wDEWEY _c1 _i69155 _d2018-3-7 _e2017-10-19 _f2018-2-12 _g4 _lCCODEBUL1 _mBUL _n6 _p62.00 _q2 _r0 _sY _tBOOK _u2013-12-6 _xINGENIERIA _PP24 _0COMPRA _o.STAFF. Colección General |
||
| 949 |
_a628.53 C7 _wDEWEY _c1 _iFT03004 _lCCODEBUT1 _mBUT _p51.11 _r0 _sY _tBOOK _u2015-6-18 _xINGENIERIA _PP24 _0COMPRA _o.STAFF. Colección General |
||
| 949 |
_a628.53 C7 _wDEWEY _c2 _i78156 _f2018-2-12 _g1 _lCCODEBUL1 _mBUL _p59.20 _r0 _sY _tBOOK _u2018-1-15 _xINGENIERIA _PP24 _0COMPRA _o.STAFF. Colección Ingeniería y Arquitectura |
||
| 949 |
_a628.53 C7 _wDEWEY _c3 _i78157 _f2018-2-12 _g1 _lCCODEBUL1 _mBUL _p59.20 _r0 _sY _tBOOK _u2018-1-15 _xINGENIERIA _PP24 _0COMPRA _o.STAFF. Colección Ingeniería y Arquitectura |
||
| 999 |
_a628.53 C7 _wDEWEY _c56369 _i69155 _d56369 _e2017-10-19 _f2021-11-9 _g7 _lCCODEBUL1 _mBUL _n6 _p62.00 _q2 _r0 _sY _tBOOK _u2013-12-6 _xINGENIERIA _PP24 _0COMPRA _o.STAFF. Colección General |
||
| 999 |
_a628.53 C7 _wDEWEY _c2 _i78156 _f2021-11-9 _g4 _lCCODEBUL1 _mBUL _p59.20 _r0 _sY _tBOOK _u2018-1-15 _xINGENIERIA _PP24 _0COMPRA _o.STAFF. Colección Ingeniería y Arquitectura |
||
| 999 |
_a628.53 C7 _wDEWEY _c3 _i78157 _f2021-11-9 _g4 _lCCODEBUL1 _mBUL _p59.20 _r0 _sY _tBOOK _u2018-1-15 _xINGENIERIA _PP24 _0COMPRA _o.STAFF. Colección Ingeniería y Arquitectura |
||
| 999 |
_a628.53 C7 _wDEWEY _c1 _iFT03004 _d2018-8-27 _e2018-8-27 _f2019-2-20 _g1 _lCCODEBUT1 _mBUT _n1 _p51.11 _r0 _sY _tBOOK _u2015-6-18 _xINGENIERIA _PP24 _0COMPRA _o.STAFF. Colección General |
||
| 980 |
_81 _gALBERTO SANCHEZ Responsable de Automatización |
||